Les 10 meilleurs gardiens de but ALL TIME - Statistiques

Statistiques générales
  • Ce quiz a été pris 923 fois
  • Le résultat moyen est 6 sur 10
Statistiques - réponses
Joueurs % Correct
2. Buffon
93%
1. Neuer
91%
3. Casillas
83%
6. Courtois
71%
5. Van der Sar
44%
7. Kahn
43%
9. Cech
41%
4. Yachine
38%
10. Navas
33%
8. Schmeichel
29%
Aucun quiz correspondant
Distribution des résultats
% des personnes avec chaque résultat
Percentile par nombre de réponses
Votre historique - résultats
Vous n’avez pas pris ce quiz